00666cam a2200229 a 450000100060000000300080000600500170001400800410003103500190007203500110009104000330010204100080013508200270014310000200017024500930019026000330028330000320031650000200034865000310036870000170039970000200041612228BD-RjUL20211208235246.0140128s1966 xraa 001 0 eng d a(BD-RjUL)12277 a380278 aANLbengcANLdABN-SNRdAMOA aeng04a591.994216bBEF 19661 aBennett, Isobel14aThe fringe of the sea /cby Isobel Bennett ; photography by F. G. Myers, Keith Gillett. aAdelaide :bRigby ,c1966. a261 p. :billus. ;c24cm. aIncludes index. 0aMarine animalszAustralia.1 aMyers, F. G.1 aGillett, Keith,